Entry Konu Terimi
001 - KONTROL NUMARASI
- Kontrol alanı: 72246
003 - KONTROL NUMARASI KİMLİĞİ
- Kontrol alanı: TR-BiSEU
005 - SON İŞLEM TARİHİ VE ZAMANI
- Kontrol alanı: 20260207003108.0
008 - SABİT UZUNLUKTAKİ VERİ ÖGELERİ - GENEL BİLGİ
- Sabit uzunlukta kontrol alanı: 260207|| aca||aabn | a|a d
040 ## - KATALOGLAMA KAYNAĞI
- Özgün kataloglama kurumu: TR-BiSEU
- Çeviri kurumu: TR-BiSEU
150 ## - KONU BAŞLIKLARI - KONU TERİMİ
- Konu terimi: Turkic peoples--Asia, Middle--Religion
670 ## - BİLGİNİN KAYNAĞI
- Bilginin alındığı kaynak: KOHA: (TR-BiSEU)38536: Kitapçı, Zekeriya. 11078, Orta Asya Türk İslâm medeniyeti fıkıh kelam ve İslam felsefesinin gelişmesinde Türklerin yeri: fıkıh kelam ve İslam felsefesi ilminin Türk asıllı ilk şerefli öncüleri/
